Argumentumszerkezet-variánsok korpusz alapú meghatározása
A tanulmány a lexikai egységek, tipikusan igék argumentumszerkezetének a leírására javasol egy új reprezentációs formát, ami nem a klasszikus kötelező vonzat – szabad bővítmény bináris oppozíciós lehetőségeket ragadja meg. Ehelyett az egyes bővítménytípusoknak a korpuszban való megjelenési gyakorisá...
Elmentve itt :
| Szerző: | |
|---|---|
| Testületi szerző: | |
| Dokumentumtípus: | Könyv része |
| Megjelent: |
2019
|
| Sorozat: | Magyar Számítógépes Nyelvészeti Konferencia
15 |
| Kulcsszavak: | Nyelvészet - számítógép alkalmazása |
| Online Access: | http://acta.bibl.u-szeged.hu/59095 |
| LEADER | 01644naa a2200205 i 4500 | ||
|---|---|---|---|
| 001 | acta59095 | ||
| 005 | 20260224081030.0 | ||
| 008 | 190703s2019 hu o 100 hun d | ||
| 020 | |a 978-963-315-393-2 | ||
| 040 | |a SZTE Egyetemi Kiadványok Repozitórium |b hun | ||
| 041 | |a hun | ||
| 100 | 1 | |a Szécsényi Tibor | |
| 245 | 1 | 0 | |a Argumentumszerkezet-variánsok korpusz alapú meghatározása |h [elektronikus dokumentum] / |c Szécsényi Tibor |
| 260 | |c 2019 | ||
| 300 | |a 315-329 | ||
| 490 | 0 | |a Magyar Számítógépes Nyelvészeti Konferencia |v 15 | |
| 520 | 3 | |a A tanulmány a lexikai egységek, tipikusan igék argumentumszerkezetének a leírására javasol egy új reprezentációs formát, ami nem a klasszikus kötelező vonzat – szabad bővítmény bináris oppozíciós lehetőségeket ragadja meg. Ehelyett az egyes bővítménytípusoknak a korpuszban való megjelenési gyakoriságai alapján a típusokhoz egy-egy valószínűségi értéket rendel, így az argumentumszerkezeti variánsok egy argumentumszerkezeti valószínűségi vektorral jellemezhetőek. A javasolt reprezentáció kizárólag a korpuszbeli adatok morfológiai és szintaktikai tulajdonságaira támaszkodik. Az argumentumszerkezeti variánsok argumentumszerkezeti vektorként való értelmezése új elméleti modellként a grammatikaelméletekben hozhat új eredményeket, másrészt a természetesnyelvfeldolgozásban is használható. | |
| 695 | |a Nyelvészet - számítógép alkalmazása | ||
| 710 | |a Magyar Számítógépes Nyelvészeti Konferencia (15.) (2019) (Szeged) | ||
| 856 | 4 | 0 | |u http://acta.bibl.u-szeged.hu/59095/1/msznykonf_015_315-329.pdf |z Dokumentum-elérés |